| 000 | 02532cam a22006374i 4500 | ||
|---|---|---|---|
| 003 | PE-LiUPU | ||
| 005 | 20250731170446.0 | ||
| 008 | 150706s2008 sp a rb 000 0 spa d | ||
| 020 | _a8478696679 | ||
| 020 | _a9788478696673 | ||
| 035 | _a(Sirsi) i9788478696673 | ||
| 040 |
_aPE-LiUPU _bspa _cPE-LiUPU _dPE-LiUPU _erda |
||
| 049 | _aPRUA | ||
| 082 | 0 | 4 |
_a155.5 _bS45 _221 |
| 100 | 1 |
_aSevillano, Octavio, _eautor. |
|
| 245 | 1 | 0 |
_aAprende a amar y sé tú mismo : _bla adolescencia y la amistad, la afectividad, la sexualidad, el matrimonio, la homosexualidad, los métodos anticonceptivos, el derecho a la vida / _cOctavio Seviillano. |
| 264 | 1 |
_aMadrid : _bCEPE, _c[2008]. |
|
| 300 |
_a174 páginas : _bilustraciones ; _c24 centímetros. |
||
| 336 |
_atext _2rdacontent |
||
| 337 |
_aunmediated _2rdamedia |
||
| 338 |
_avolume _2rdacarrier |
||
| 490 | 0 |
_aEntrenamiento en competencia social ; _v12 |
|
| 504 | _aIncluye bibliografía. | ||
| 505 | 0 | _aLa afectividad en la adolescencia, una fuente de energía para iniciarte en el camino del amor -- La sexualidad, bien entendida, ennoblece y dignificada a la persona -- Aprender caminar en pareja hacia el matrimonio -- Temas conflictivos de actualidad -- Algunas aclaraciones sobre lo tratado -- La amistad en la adolescencia -- La confianza en la adolescencia -- En camino hacia la madurez personal. | |
| 526 | _aSEG68 | ||
| 526 | _aSEG70 | ||
| 526 | _aSEG69 | ||
| 526 | _aSEG67 | ||
| 526 | _aSEG43 | ||
| 526 | _aP144 | ||
| 526 | _aP143 | ||
| 526 | _aP131 | ||
| 526 | _aP122 | ||
| 526 | _aP120 | ||
| 526 | _aP117 | ||
| 526 | _aP112 | ||
| 526 | _aP110 | ||
| 526 | _aP106 | ||
| 526 | _aP101 | ||
| 526 | _aP80 | ||
| 526 | _aP59 | ||
| 526 | _aP54 | ||
| 526 | _aP35 | ||
| 526 | _aP33 | ||
| 526 | _aP30 | ||
| 541 | _g001-000817; | ||
| 650 | 1 | 4 |
_aAdolescentes _xConducta sexual. |
| 650 | 2 | 4 | _aÉtica sexual. |
| 650 | 2 | 4 |
_aAdolescentes _xMoral práctica. |
| 910 |
_agl _bjv _cng _d20090901 |
||
| 942 |
_2ddc _cBOOK |
||
| 949 |
_a155.5 S45 _wDEWEY _c1 _i60187 _d2016-11-28 _e2016-11-24 _lCCODEBUL1 _mBUL _n9 _p21.00 _r0 _sY _tBOOK _u2015-7-6 _xSALUD _PP33 _0COMPRA _o.STAFF. Colección Ciencias de la Salud |
||
| 994 |
_aC0 _bPEPRU |
||
| 596 | _a1 | ||
| 999 |
_a155.5 S45 _wDEWEY _c49670 _i60187 _d49670 _e2018-8-29 _f2021-11-3 _g5 _lCCODEBUL1 _mBUL _n13 _p21.00 _q5 _r0 _sY _tBOOK _u2015-7-6 _xSALUD _zP33 _0COMPRA _o.STAFF. Colección Ciencias de la Salud |
||
| 980 |
_81 _gALBERTO SANCHEZ Responsable de Automatización |
||